Primate / (Record no. 22662)

000 -LEADER
fixed length control field 01118nam a22002657a 4500
008 - FIXED-LENGTH DATA ELEMENTS--GENERAL INFORMATION
fixed length control field 260416b xxu||||| |||| 00| 0 eng d
082 ## - DEWEY DECIMAL CLASSIFICATION NUMBER
Classification number 791.4372
Item number G36 2025
245 ## - TITLE STATEMENT
Title Primate /
Statement of responsibility, etc directeted by Johannes Roberts ; written by Johannes Roberts, Ernest Riera ; produced by Walter Hamada, John Hodges and Bradley Pilz.
260 ## - PUBLICATION, DISTRIBUTION, ETC. (IMPRINT)
Place of publication, distribution, etc United States, United Kingdom, Canada, Australia :
Name of publisher, distributor, etc Paramount Pictures,
Date of publication, distribution, etc 2025.
300 ## - PHYSICAL DESCRIPTION
Extent 1 videofile, (ca. 92 minutes) :
Other physical details sound, color.
520 ## - SUMMARY, ETC.
Summary, etc A group of friends' tropical vacation turns into a terrifying, primal tale of horror and survival.
521 ## - TARGET AUDIENCE NOTE
Target audience note Rated R for strong bloody violent content, gore, language, and some drug use.
655 ## - INDEX TERM--GENRE/FORM
Genre/form data or focus term Splatter Horror
655 ## - INDEX TERM--GENRE/FORM
Genre/form data or focus term Teen Horror
655 ## - INDEX TERM--GENRE/FORM
Genre/form data or focus term Horror
700 ## - ADDED ENTRY--PERSONAL NAME
Personal name Roberts, Johannes, director and writer.
700 ## - ADDED ENTRY--PERSONAL NAME
Personal name Riera, Ernest, writer.
700 ## - ADDED ENTRY--PERSONAL NAME
Personal name Hamanda, Walter, producer.
700 ## - ADDED ENTRY--PERSONAL NAME
Personal name Hodges, John, producer.
700 ## - ADDED ENTRY--PERSONAL NAME
Personal name Pilz, Bradley, producer.
700 ## - ADDED ENTRY--PERSONAL NAME
Personal name Sequoyah, Johnny, star.
700 ## - ADDED ENTRY--PERSONAL NAME
Personal name Alexander, Jess, star.
700 ## - ADDED ENTRY--PERSONAL NAME
Personal name Kotsur, Troy, star.
942 ## - ADDED ENTRY ELEMENTS (KOHA)
Source of classification or shelving scheme
Item type Audio-Visual Materials
Holdings
Source of acquisition Price effective from Permanent location Date last seen Not for loan Date acquired Source of classification or shelving scheme Koha item type Collection code Shelving location Damaged status Lost status Withdrawn status Current location Full call number
Donation2026-04-16Cagayan State University - Carig Library2026-04-16 2026-04-16 Audio-Visual MaterialsElectronic Media CenterAudio Visual   Cagayan State University - Carig Library791.4372 G36 2025

Cagayan State University University Library, Carig Campus
Tuguegarao City, Cagayan 3500 | www.csucarig.edu.ph

Powered by Koha